Páginas selectas / (Record no. 96629)

MARC details
000 -LEADER
campo de control de longitud fija 00810nam a2200253 i 4500
001 - NÚMERO DE CONTROL
campo de control 96629
003 - IDENTIFICADOR DE NÚMERO DE CONTROL
campo de control ES-MaACL
005 - FECHA Y HORA DE LA ÚLTIMA TRANSACCIÓN
campo de control 20251002195127.0
007 - CAMPO FIJO DE DESCRIPCIÓN FÍSICA--INFORMACIÓN GENERAL
campo de control de longitud fija t|
008 - DATOS DE LONGITUD FIJA--INFORMACIÓN GENERAL
campo de control de longitud fija 050629s1925 sp ||||1| spa d
080 ## - NÚMERO DE LA CLASIFICACIÓN DECIMAL UNIVERSAL
Número de la Clasificación Decimal Universal 329.12(460)"18"
080 ## - NÚMERO DE LA CLASIFICACIÓN DECIMAL UNIVERSAL
Número de la Clasificación Decimal Universal 35(460).071.55
080 ## - NÚMERO DE LA CLASIFICACIÓN DECIMAL UNIVERSAL
Número de la Clasificación Decimal Universal 913(460.222)
100 1# - ENTRADA PRINCIPAL--NOMBRE DE PERSONA
Nombre de persona Mallada, Lucas (
Fechas asociadas al nombre 1841-1921)
9 (RLIN) 75787
245 10 - MENCIÓN DEL TÍTULO
Título Páginas selectas /
Mención de responsabilidad, etc. Lucas Mallada; con una noticia preliminar por D. Ricardo del Arco.
260 ## - PUBLICACIÓN, DISTRIBUCIÓN, ETC.
Lugar de publicación, distribución, etc. Huesca :
Nombre del editor, distribuidor, etc. V. Campo,
Fecha de publicación, distribución, etc. 1925.
300 ## - DESCRIPCIÓN FÍSICA
Extensión 98 p. ;
Dimensiones 21 cm.
650 04 - PUNTO DE ACCESO ADICIONAL DE MATERIA--TÉRMINO DE MATERIA
Término de materia o nombre geográfico como elemento de entrada Regeneracionismo
9 (RLIN) 16742
651 #4 - PUNTO DE ACCESO ADICIONAL DE MATERIA--NOMBRE GEOGRÁFICO
Nombre geográfico España-
Subdivisión general Divisiones territoriales.
9 (RLIN) 8189
651 #4 - PUNTO DE ACCESO ADICIONAL DE MATERIA--NOMBRE GEOGRÁFICO
Nombre geográfico Huesca-
Subdivisión general Descripción.
9 (RLIN) 149080
700 1# - ENTRADA AGREGADA--NOMBRE PERSONAL
Nombre de persona Arco y Garay, Ricardo del,
Fechas asociadas al nombre 1888-1955
9 (RLIN) 22507
852 ## - LOCALIZACIÓN
Ubicación ES-MaACL
Número de control de estantería 1688-F-2
Sublocalización o colección R.5099
Holdings
Estatus retirado Estado de pérdida Estado de daño No para préstamo Colección Biblioteca de origen Biblioteca actual Ubicación en estantería Fecha de adquisición Fuente de adquisición Total de préstamos Signatura topográfica completa Código de barras Visto por última vez Precio de reemplazo Tipo de ítem Koha
        Colección de folletos Biblioteca del Ateneo de Madrid Biblioteca del Ateneo de Madrid Depósito folletos 17/01/2008     1688-F-2 1100881 23/02/2023 23/02/2023 Folleto